书目信息 |
| 题名: |
塘坝水源地污染控制技术与应用
|
|
| 作者: | 郭萍 , 李红娜 , 李峰 著 | |
| 分册: | ||
| 出版信息: | 北京 中国水利水电出版社 2019.09 |
|
| 页数: | 151页 | |
| 开本: | 24cm | |
| 丛书名: | ||
| 单 册: | ||
| 中图分类: | X52 | |
| 科图分类: | ||
| 主题词: | 养殖场--yang zhi chang--水污染防治--研究 | |
| 电子资源: | ||
| ISBN: | 978-7-5170-8030-5 | |
| 000 | 01169nam0 2200265 450 | |
| 001 | 0100015759 | |
| 005 | 20201024210218.0 | |
| 010 | @a978-7-5170-8030-5@dCNY65.00 | |
| 100 | @a20191126d2019 em y0chiy50 ea | |
| 101 | 0 | @achi |
| 102 | @aCN@b110000 | |
| 105 | @aak a 000yy | |
| 106 | @ar | |
| 200 | 1 | @a塘坝水源地污染控制技术与应用@Atang ba shui yuan di wu ran kong zhi ji shu yu ying yong@f郭萍, 李红娜, 李峰著 |
| 210 | @a北京@c中国水利水电出版社@d2019.09 | |
| 215 | @a151页@c图@d24cm | |
| 320 | @a有书目 (第144-151页) | |
| 330 | @a本书围绕养殖引起的地表水源地污染及饮水安全等问题, 以具有代表性的华南地区为管理实践, 从污染特征和监测、水源原水组合处理技术 (水源地养殖污染控制与无害化循环利用技术和水源地的污染物生物净化技术) 、安全供水保障技术和小型消毒过滤工艺及设备几个层次研究和分析了解决塘坝型地表水源地和饮用水安全问题的相关技术适用性, 并通过示范基地技术的集成应用为技术的可行性提供了理论和实践依据。 | |
| 606 | 0 | @a养殖场@Ayang zhi chang@x水污染防治@x研究 |
| 690 | @aX52@v5 | |
| 701 | 0 | @a郭萍@Aguo ping@4著 |
| 701 | 0 | @a李红娜@Ali hong na@4著 |
| 701 | 0 | @a李峰@Ali feng@4著 |
| 801 | 0 | @aCN@c20191126 |
| 905 | @a河南城建学院图书馆@dX52@f1@eG822 | |
| 塘坝水源地污染控制技术与应用/郭萍, 李红娜, 李峰著.-北京:中国水利水电出版社,2019.09 |
| 151页:图;24cm |
| ISBN 978-7-5170-8030-5:CNY65.00 |
| 本书围绕养殖引起的地表水源地污染及饮水安全等问题, 以具有代表性的华南地区为管理实践, 从污染特征和监测、水源原水组合处理技术 (水源地养殖污染控制与无害化循环利用技术和水源地的污染物生物净化技术) 、安全供水保障技术和小型消毒过滤工艺及设备几个层次研究和分析了解决塘坝型地表水源地和饮用水安全问题的相关技术适用性, 并通过示范基地技术的集成应用为技术的可行性提供了理论和实践依据。 |
| ● |
| 相关链接 |
|
|
|
正题名:塘坝水源地污染控制技术与应用
索取号:X52/G822
 
预约/预借
| 序号 | 登录号 | 条形码 | 馆藏地/架位号 | 状态 | 备注 |
| 1 | 1509003 | 215090032 | 自科库501/501自科库 100排1列6层/ [索取号:X52/G822] | 在馆 |